Bundesligastadien 25/26 Satellitenbilder - Statistiken

Allgemein
  • Dieses Quiz wurde 122 mal gespielt
  • Das Durchschnittsergebnis liegt bei 11 aus 18
Antwortstatistiken
Bildquiz Antwort % Korrekt
Westfalenstadion
94%
Allianz Arena
84%
Waldstadion
80%
Weserstadion
71%
BayArena
64%
Zentralstadion
64%
MEWA ARENA
61%
Volksparkstadion
61%
Volkswagen Arena
59%
Müngersdorfer Stadion
55%
Neckarstadion
54%
Albstadion
52%
Europa-Park Stadion
51%
Millerntor-Stadion
51%
WWK-Arena
51%
Stadion An der Alten Försterei
48%
PreZero Arena
45%
Stadion im Borussia-Park
45%
Keine übereinstimmenden Quizze gefunden
Verteilung der Resultate
Anzahl Personen mit jedem Resultat
Perzentil nach korrekt beantworteten Fragen
Ihre Resultats-Entwicklung
Sie haben dieses Quiz noch nicht gespielt